| 000 | 00782 a2200217 4500 | ||
|---|---|---|---|
| 010 | _aENG-90192 | ||
| 020 |
_a9788120335196 _c695.00 |
||
| 035 | _aEN-73725 | ||
| 037 | _bDBAD / PUB | ||
| 082 | 1 | 4 | _a005.44 |
| 090 |
_c12812 _d12812 |
||
| 100 | 1 | _aMackin, J.C. | |
| 245 | 1 |
_aMCTS self-paced training kit (exam 70-643) : configuring Windows Server 2008 applications infrastructure/ _cby J.C. Mackin [and] Anil Desai |
|
| 260 |
_aNew Delhi _bPrentice-Hall of India _c2008 |
||
| 270 |
_aM-97, Connaught Circus _bNew Delhi _cDelhi _e110001 |
||
| 300 |
_axxxiv, 673p. _c27 cm ( Hb) |
||
| 500 | _aIncludes index | ||
| 700 | _aDesai, Anil | ||
| 942 |
_adpl _cEN _k005.44 / MAC |
||
| 999 |
_c12449 _d12449 |
||